000 00473cam a2200157 4500
001 WS118702
008 020704n 000 0 eng u
035 _a(Sirsi) u118702
245 _aOverheid.nl
520 _aWeb site for the Dutch government including links to ministries.
650 _aNETHERLANDS
650 _aGOVERNMENT
690 _aINTERNATIONAL-EUROPE
856 4 0 _uhttps://www.overheid.nl
_zView the website free of charge at www.overheid.nl...
942 _n0
999 _c120075
_d120075